| 000 | 02440cam a22006014i 4500 | ||
|---|---|---|---|
| 003 | PE-LiUPU | ||
| 005 | 20250731170446.0 | ||
| 008 | 150706s2008 mx a rb 000 0 spa d | ||
| 020 | _a9706868127 | ||
| 020 | _a9789706868121 | ||
| 035 | _a(Sirsi) i9780495115779 | ||
| 040 |
_aPE-LiUPU _bspa _cPE-LiUPU _dPE-LiUPU _erda |
||
| 049 | _aPRUA | ||
| 082 | 0 | 4 |
_a152 _bM26 _221 |
| 100 | 1 |
_aMartin, David W., _eautor. |
|
| 245 | 1 | 0 |
_aPsicología experimental : _bcómo hacer experimentos en psicología / _cDavid W. Martin. |
| 264 | 1 |
_aMéxico : _bCengage Learning, _c2008. |
|
| 300 |
_a364 páginas : _bilustraciones ; _c25 centímetros |
||
| 336 |
_atext _2rdacontent |
||
| 337 |
_aunmediated _2rdamedia |
||
| 338 |
_avolume _2rdacarrier |
||
| 504 | _aIncluye bibliografía. | ||
| 505 | 0 | _aCómo hacer observaciones ordenadas -- Cómo hacer experimentos -- Cómo tener una idea para experimentar -- Cómo ser justo con los participantes -- Cómo ser honesto con la ciencia -- Cómo averiguar qué se ha hecho -- Cómo decidir qué variables manipular y medir -- Diseños entre sujetos e intrasujeto -- Cómo planear experimentos de una sola variable, de variables múltiples y de series convergentes -- Cómo diseñar investigación que no es experimental -- Cómo saber cuándo está listo para empezar -- Cómo interpretar los resultados experimentales -- Cómo informar los resultados experimentales. | |
| 526 | _aSEG68 | ||
| 526 | _aSEG70 | ||
| 526 | _aSEG69 | ||
| 526 | _aSEG67 | ||
| 526 | _aSEG43 | ||
| 526 | _aP144 | ||
| 526 | _aP143 | ||
| 526 | _aP131 | ||
| 526 | _aP122 | ||
| 526 | _aP120 | ||
| 526 | _aP117 | ||
| 526 | _aP112 | ||
| 526 | _aP110 | ||
| 526 | _aP106 | ||
| 526 | _aP101 | ||
| 526 | _aP80 | ||
| 526 | _aP59 | ||
| 526 | _aP54 | ||
| 526 | _aP35 | ||
| 526 | _aP33 | ||
| 526 | _aP30 | ||
| 541 | _g001-0030486; | ||
| 650 | 0 | 4 | _aPsicología experimental. |
| 910 |
_agl _bjv _clch _d20091001 |
||
| 942 |
_2ddc _cBOOK |
||
| 949 |
_a152 M26 _wDEWEY _c1 _i60387 _lCCODEBUL1 _mBUL _p32.00 _r0 _sY _tBOOK _u2015-7-6 _xSALUD _PP33 _0COMPRA _o.STAFF. Colección General |
||
| 994 |
_aC0 _bPEPRU |
||
| 596 | _a1 | ||
| 999 |
_a152 M26 _wDEWEY _c49841 _i60387 _d49841 _e2017-11-20 _f2021-11-3 _g5 _lCCODEBUL1 _mBUL _n1 _p32.00 _q2 _r0 _sY _tBOOK _u2015-7-6 _xSALUD _zP33 _0COMPRA _o.STAFF. Colección Ciencias de la Salud |
||
| 980 |
_81 _gALBERTO SANCHEZ Responsable de Automatización |
||